[Event "SRB-chT 1st League CS"]
[Site "Banja Vrujci"]
[Date "2022.10.01"]
[Round "1.6"]
[White "Isik, Alparslan"]
[Black "Kolognat, Petar"]
[Result "1-0"]
[WhiteElo "2377"]
[BlackElo "2272"]
[PlyCount "105"]
[EventDate "2022.10.01"]
[EventType "team-tourn"]
[EventRounds "11"]
[EventCountry "SRB"]
[SourceTitle "CBM 210 Extra"]
[Source "ChessBase"]
[SourceDate "2022.11.30"]
[SourceVersion "1"]
[SourceVersionDate "2022.11.30"]
[SourceQuality "1"]
[WhiteTeam "Valjevo Krusik"]
[BlackTeam "Krupanj"]
[WhiteTeamCountry "SRB"]
[BlackTeamCountry "SRB"]

1. Nf3 Nf6 2. c4 c5 3. Nc3 Nc6 4. e3 e6 5. d4 d5 6. cxd5 exd5 7. Bb5 a6 8. Bxc6+ bxc6 9. 0-0 Bd6 10. dxc5 Bxc5 11. b3 0-0 12. Bb2 Bg4 13. Rc1 Bd6 14. Ne2 Rc8 15. Ng3 Qe7 16. Qd3 Ne4 17. Nd4 Be5 18. Rxc6 h5 19. Ndf5 Bxf5 20. Nxf5 Qg5 21. Rxc8 Rxc8 22. Bxe5 Qxf5 23. Bb2 Rc6 24. f3 Ng3 25. Qxf5 Nxf5 26. Rc1 Re6 27. Rc5 Nxe3 28. Bd4 Nf5 29. Rxd5 Nd6 30. Re5 Rg6 31. Rxh5 Nb5 32. Rd5 Rc6 33. a4 Rc1+ 34. Kf2 Na3 35. Rg5 Rb1 36. Rxg7+ Kf8 37. Rg5 Nc2 38. Bc5+ Ke8 39. b4 Kd7 40. Rd5+ Kc7 41. Rf5 Rb2 42. Rxf7+ Kc6 43. Rf6+ Kc7 44. Kg3 Ne1 45. Rxa6 Rxg2+ 46. Kf4 Rxh2 47. Re6 Rh1 48. Ke4 Ng2 49. Re7+ Kd8 50. Rf7 Re1+ 51. Kd5 Ke8 52. Rf6 Kd7 53. a5 1-0

[Event "SRB-chT 1st League CS"]
[Site "Bajina Basta"]
[Date "2021.10.03"]
[Round "11.1"]
[White "Kolognat, Petar"]
[Black "Ivic, Velimir"]
[Result "0-1"]
[WhiteElo "2259"]
[BlackElo "2603"]
[PlyCount "125"]
[EventDate "2021.09.26"]
[EventType "team-tourn"]
[EventRounds "11"]
[EventCountry "SRB"]
[SourceTitle "EXT 2023"]
[Source "ChessBase"]
[SourceDate "2022.10.05"]
[SourceVersion "1"]
[SourceVersionDate "2022.10.05"]
[SourceQuality "1"]
[WhiteTeam "Krupanj"]
[BlackTeam "Pozega"]
[WhiteTeamCountry "SRB"]
[BlackTeamCountry "SRB"]

1. d4 Nf6 2. Nc3 d5 3. Bg5 Nbd7 4. Nf3 e6 5. e4 h6 6. Bxf6 Nxf6 7. exd5 exd5 8. Bd3 Be7 9. 0-0 0-0 10. Ne2 c5 11. dxc5 Bxc5 12. Ng3 Qb6 13. Rb1 Re8 14. b4 Bf8 15. c4 dxc4 16. Bxc4 Be6 17. Bxe6 Rxe6 18. Qb3 Rd8 19. a3 Qb5 20. Rbd1 Rxd1 21. Rxd1 Re8 22. Qc2 g6 23. h3 Qa6 24. Qb3 Qe6 25. Qd3 Rc8 26. Nd4 Qd5 27. Nge2 Rd8 28. Rc1 Bd6 29. Qc4 Be5 30. Qxd5 Rxd5 31. Nf3 Bb2 32. Rc8+ Kg7 33. a4 Rd1+ 34. Kh2 Ba3 35. Rc7 Rd7 36. Rc4 Nd5 37. b5 Nb6 38. Rc2 Nxa4 39. Ra2 Bd6+ 40. g3 Nc5 41. Rxa7 Nd3 42. Kg2 Bc5 43. Ra2 Nxf2 44. Nc3 Nd1 45. Na4 Be7 46. Rd2 Ne3+ 47. Kf2 Rxd2+ 48. Nxd2 Nd5 49. Nc4 Kf6 50. Kf3 Bb4 51. Ke4 Ke6 52. Kd4 f5 53. Nc5+ Bxc5+ 54. Kxc5 g5 55. Kd4 Nf6 56. Na5 b6 57. Nc4 Nd5 58. h4 g4 59. Kd3 h5 60. Kd4 f4 61. gxf4 g3 62. f5+ Kxf5 63. Kxd5 0-1

[Event "SRB-chT 2nd League West"]
[Site "Kragujevac"]
[Date "2019.10.04"]
[Round "7.5"]
[White "Vizlina, Branisa"]
[Black "Kolognat, Petar"]
[Result "0-1"]
[WhiteElo "1994"]
[BlackElo "2287"]
[PlyCount "134"]
[EventDate "2019.09.06"]
[EventType "team-tourn"]
[EventRounds "11"]
[EventCountry "SRB"]
[SourceTitle "EXT 2020"]
[Source "ChessBase"]
[SourceDate "2019.10.17"]
[SourceVersion "1"]
[SourceVersionDate "2019.10.17"]
[SourceQuality "1"]
[WhiteTeam "Prijepolje Priko"]
[BlackTeam "Krupanj"]
[WhiteTeamCountry "SRB"]
[BlackTeamCountry "SRB"]

1. e4 e5 2. Nf3 Nf6 3. Nc3 Nc6 4. Bb5 Bc5 5. 0-0 d6 6. h3 0-0 7. d3 Nd4 8. Bc4 Be6 9. Bg5 c6 10. Bb3 h6 11. Bh4 b5 12. Nb1 g5 13. Bg3 Bxb3 14. axb3 Ne6 15. c3 Bb6 16. Re1 Nh5 17. Kh2 Nhf4 18. d4 Qc7 19. d5 cxd5 20. exd5 Ng7 21. Na3 a6 22. c4 bxc4 23. bxc4 Ng6 24. Kh1 f5 25. Qc2 Qf7 26. b4 e4 27. Ng1 f4 28. Bh2 e3 29. f3 Nf5 30. Ne2 Rfc8 31. Rac1 a5 32. bxa5 Bxa5 33. Red1 Bd2 34. Ra1 Qf6 35. Ra2 Ne5 36. Rda1 Kg7 37. Qb3 Rab8 38. Qa4 Nd3 39. Qd7+ Qf7 40. Qa4 Ne5 41. Qc2 Rb4 42. Rb2 Qf6 43. Rxb4 Bxb4 44. Qb3 Nxc4 45. Rc1 Bxa3 46. Rxc4 Rxc4 47. Qxc4 Bc5 48. Qa6 Qb2 49. Qd3 Kf6 50. Bxf4 gxf4 51. Nxf4 Qe5 52. Ne2 Ng3+ 53. Nxg3 Qxg3 54. Qh7 Qg6 55. Qh8+ Kf7 56. Qc8 Bd4 57. Qd7+ Kf8 58. Qd8+ Kg7 59. Qd7+ Kh8 60. Qd8+ Kh7 61. Qe7+ Bg7 62. Qxe3 Qb1+ 63. Kh2 Qf5 64. Qe4 Qxe4 65. fxe4 Be5+ 66. g3 Kg6 67. Kg2 h5 0-1

[Event "Vojvodina-chT"]
[Site "Kac"]
[Date "2014.11.13"]
[Round "9.2"]
[White "Kolognat, Petar"]
[Black "Savanovic, Vuk"]
[Result "1/2-1/2"]
[WhiteElo "2294"]
[BlackElo "2292"]
[PlyCount "27"]
[EventDate "2014.11.08"]
[EventType "team-tourn"]
[EventRounds "11"]
[EventCountry "SRB"]
[SourceTitle "EXT 2017"]
[Source "ChessBase"]
[SourceDate "2016.10.25"]
[SourceVersion "1"]
[SourceVersionDate "2016.10.25"]
[SourceQuality "1"]

1. d4 Nf6 2. Nc3 d5 3. Bg5 Nbd7 4. Nf3 g6 5. Qd3 Bg7 6. e4 dxe4 7. Nxe4 0-0 8. 0-0-0 Nxe4 9. Qxe4 Nf6 10. Qh4 c5 11. Bh6 Qa5 12. Bxg7 Kxg7 13. a3 cxd4 14. Rxd4 1/2-1/2

[Event "Vojvodina-chT"]
[Site "Kac"]
[Date "2014.11.11"]
[Round "6.4"]
[White "Bulajic, Ratko"]
[Black "Kolognat, Petar"]
[Result "1-0"]
[WhiteElo "2292"]
[BlackElo "2294"]
[PlyCount "55"]
[EventDate "2014.11.08"]
[EventType "team-tourn"]
[EventRounds "11"]
[EventCountry "SRB"]
[SourceTitle "EXT 2017"]
[Source "ChessBase"]
[SourceDate "2016.10.25"]
[SourceVersion "1"]
[SourceVersionDate "2016.10.25"]
[SourceQuality "1"]

1. d4 Nf6 2. c4 e6 3. Nf3 d5 4. g3 Be7 5. Bg2 0-0 6. Nc3 c5 7. cxd5 exd5 8. 0-0 Ne4 9. Nd2 cxd4 10. Nxd5 Qxd5 11. Bxe4 Qd8 12. Qc2 h6 13. Rd1 Bf6 14. Nb3 Nc6 15. Bxc6 bxc6 16. Be3 c5 17. Qxc5 Bb7 18. Bxd4 Rc8 19. Qxa7 Qd5 20. f3 Bg5 21. Bc5 Qe6 22. Qxb7 Rxc5 23. Nxc5 Be3+ 24. Kg2 Bxc5 25. Qe4 Qf6 26. b4 Ba7 27. Rac1 Rb8 28. Rc7 1-0

[Event "Vojvodina-chT 2nd League"]
[Site "Stari Banovci"]
[Date "2013.11.11"]
[Round "11"]
[White "Joksimovic, Dragoljub"]
[Black "Kolognat, Petar"]
[Result "1/2-1/2"]
[WhiteElo "2164"]
[BlackElo "2293"]
[PlyCount "21"]
[EventDate "2013.11.03"]
[EventType "team-tourn"]
[EventRounds "11"]
[EventCountry "SRB"]
[SourceTitle "EXT 2015"]
[Source "ChessBase"]
[SourceDate "2014.11.20"]
[SourceVersion "1"]
[SourceVersionDate "2014.11.20"]
[SourceQuality "1"]

1. c4 Nf6 2. Nc3 e6 3. d4 d5 4. Nf3 Be7 5. g3 0-0 6. Bg2 c6 7. 0-0 Nbd7 8. a4 Ne4 9. Qc2 f5 10. Bf4 g5 11. Bc1 1/2-1/2

[Event "Vojvodina-chT2"]
[Site "Vrbas"]
[Date "2011.09.26"]
[Round "3"]
[White "Marinovic, Bozidar"]
[Black "Kolognat, Petar"]
[Result "1-0"]
[WhiteElo "2405"]
[BlackElo "2284"]
[PlyCount "71"]
[EventDate "2011.09.25"]
[EventType "team-tourn"]
[EventRounds "11"]
[EventCountry "SRB"]
[SourceTitle "CBM 144 Extra"]
[Source "ChessBase"]
[SourceDate "2011.10.28"]
[SourceVersion "1"]
[SourceVersionDate "2011.10.28"]
[SourceQuality "1"]

1. e4 e6 2. d3 d5 3. Nd2 Nf6 4. Ngf3 c5 5. g3 Nc6 6. Bg2 Qc7 7. 0-0 dxe4 8. dxe4 e5 9. c3 Be7 10. Qc2 h6 11. Re1 Be6 12. Bf1 0-0-0 13. Nc4 g5 14. Ne3 g4 15. Nh4 Nh7 16. Nef5 Ng5 17. Be2 h5 18. Nxe7+ Qxe7 19. Be3 Rhg8 20. Rad1 Rxd1 21. Rxd1 Rd8 22. Rxd8+ Nxd8 23. Nf5 Bxf5 24. exf5 f6 25. Bxg5 fxg5 26. Qe4 Nf7 27. Qd5 e4 28. Kf1 Kc7 29. Bc4 Nd8 30. Ke2 Nc6 31. Qf7 Kd6 32. Qd5+ Kc7 33. Qf7 Kd6 34. Qxh5 Qf6 35. Qxg4 Ke5 36. Ke3 1-0

[Event "Vojvodina-chT2"]
[Site "Vrbas"]
[Date "2011.09.25"]
[Round "1"]
[White "Bucan, Vladimir"]
[Black "Kolognat, Petar"]
[Result "1/2-1/2"]
[WhiteElo "2104"]
[BlackElo "2284"]
[PlyCount "78"]
[EventDate "2011.09.25"]
[EventType "team-tourn"]
[EventRounds "11"]
[EventCountry "SRB"]
[SourceTitle "CBM 144 Extra"]
[Source "ChessBase"]
[SourceDate "2011.10.28"]
[SourceVersion "1"]
[SourceVersionDate "2011.10.28"]
[SourceQuality "1"]

1. d4 Nf6 2. Nf3 d6 3. e3 g6 4. b3 Bg7 5. Bb2 c6 6. Nbd2 Nbd7 7. Be2 0-0 8. 0-0 Qc7 9. Re1 Re8 10. a4 b6 11. Nc4 Bb7 12. a5 Rad8 13. axb6 axb6 14. Qc1 Ra8 15. h3 Rxa1 16. Qxa1 Ra8 17. Qb1 b5 18. Ncd2 Qa5 19. Qa1 Qb6 20. Qb1 c5 21. c4 bxc4 22. bxc4 Bxf3 23. Bxf3 Rb8 24. Bc3 Qxb1 25. Rxb1 Rxb1+ 26. Nxb1 e6 27. Bc6 Kf8 28. Kf1 Ke7 29. Ke2 cxd4 30. exd4 e5 31. Nd2 exd4 32. Bxd4 Ne8 33. Be3 Nc7 34. Nb3 Ne5 35. Bb5 d5 36. Bc5+ Kd8 37. Na5 Nxc4 38. Bxc4 dxc4 39. Nxc4 Ne6 1/2-1/2

[Event "Vojvodina-chT"]
[Site "Sombor"]
[Date "2009.10.03"]
[Round "10"]
[White "Radlovacki, Jovan"]
[Black "Kolognat, Petar"]
[Result "1-0"]
[WhiteElo "2379"]
[BlackElo "2305"]
[PlyCount "78"]
[EventDate "2009.09.27"]
[EventType "team-swiss"]
[EventRounds "11"]
[EventCountry "YUG"]
[SourceTitle "EXT 2012"]
[Source "ChessBase"]
[SourceDate "2011.11.24"]
[SourceVersion "1"]
[SourceVersionDate "2011.11.24"]
[SourceQuality "1"]

1. d4 d5 2. Nf3 Nc6 3. Bf4 Bf5 4. c3 Qd7 5. e3 f6 6. Nbd2 g5 7. Bg3 h5 8. h4 g4 9. Ng1 e5 10. Bb5 Bd6 11. e4 dxe4 12. d5 Nge7 13. dxc6 bxc6 14. Ba4 Bg6 15. Nc4 0-0 16. Qd2 Kg7 17. Rd1 Rad8 18. Ne2 Qe6 19. Bb3 Qc8 20. Qc1 Nd5 21. 0-0 Qa6 22. Rfe1 Rde8 23. a3 f5 24. Nxd6 cxd6 25. c4 Qb6 26. cxd5 Qxb3 27. dxc6 d5 28. c7 f4 29. Nxf4 exf4 30. Bxf4 Kh7 31. Bd6 Rg8 32. Re3 Qb5 33. a4 Qb7 34. Rd4 Bf5 35. Qc5 Be6 36. Rexe4 dxe4 37. Qxh5+ Kg7 38. Be5+ Kf8 39. Qh6+ Ke7 1-0

[Event "Vojvodina-chT"]
[Site "Sombor"]
[Date "2009.10.02"]
[Round "8"]
[White "Kosanovic, Goran A"]
[Black "Kolognat, Petar"]
[Result "1/2-1/2"]
[WhiteElo "2371"]
[BlackElo "2305"]
[PlyCount "23"]
[EventDate "2009.09.27"]
[EventType "team-swiss"]
[EventRounds "11"]
[EventCountry "YUG"]
[SourceTitle "EXT 2012"]
[Source "ChessBase"]
[SourceDate "2011.11.24"]
[SourceVersion "1"]
[SourceVersionDate "2011.11.24"]
[SourceQuality "1"]

1. e4 Nf6 2. e5 Nd5 3. Nc3 Nxc3 4. dxc3 d5 5. Bf4 Bf5 6. Bd3 Bxd3 7. Qxd3 Qd7 8. Nf3 e6 9. 0-0 Be7 10. c4 dxc4 11. Qxc4 Qc6 12. Qxc6+ 1/2-1/2

[Event "Vojvodina Cup"]
[Site "Banja Junakovic"]
[Date "2009.05.03"]
[Round "5"]
[White "Radlovacki, Jovan"]
[Black "Kolognat, Petar"]
[Result "1-0"]
[WhiteElo "2387"]
[BlackElo "2307"]
[PlyCount "67"]
[EventDate "2009.04.30"]
[EventType "team-tourn"]
[EventRounds "5"]
[EventCountry "YUG"]
[SourceTitle "EXT 2011"]
[Source "ChessBase"]
[SourceDate "2010.11.26"]
[SourceVersion "1"]
[SourceVersionDate "2010.11.26"]
[SourceQuality "1"]

1. d4 d5 2. Nf3 e6 3. c3 Be7 4. Bf4 Nf6 5. e3 0-0 6. Bd3 b6 7. Nbd2 Ba6 8. Bxa6 Nxa6 9. Qe2 Qc8 10. Ne5 c5 11. g4 Qb7 12. g5 Ne4 13. Nxe4 dxe4 14. Qg4 Bd6 15. h4 Bxe5 16. Bxe5 cxd4 17. exd4 e3 18. 0-0 exf2+ 19. Rxf2 Qd5 20. h5 Nc5 21. g6 f6 22. gxh7+ Kh8 23. h6 Qd7 24. Qxg7+ Qxg7+ 25. hxg7+ Kxg7 26. Rxf6 Rxf6 27. dxc5 Kg6 28. Bxf6 Kxf6 29. cxb6 axb6 30. Rd1 Kg7 31. Rd7+ Kh8 32. a3 Ra5 33. Rb7 Rb5 34. b4 1-0